000 00598nam a2200229Ia 4500
003 OSt
005 20220918211900.0
006 a|||||r|||| 00| 0
007 ta
008 220917b |||||||| |||| 00| 0 eng d
024 _a126,042
037 _cTextual
040 _aARTS
_cARTS
_beng
041 _2eng
_aeng
082 _aW691, L21
100 _aLonescu Ghita
_9121610
245 0 _aComparative communist politics
260 _aLondon
_bMacmillan Press
_c1972
650 _aPOLITICAL SCIENCE
942 _hW691, L21
_cTEXL
_2CC
999 _c249188
_d249188